00473nam a2200181Ia 4500008004100000020001800041245002800059245004500087260001500132260001600147260000900163300001600172300002500188300001000213440004100223500000800264999001900272170705s9999 xx 000 0 und d a9780439775229 aColt on christmas eve / cBen M. Baglio ; illustrated by Ann Baum. aNew York : bScholastic, c2005 a142 pages : bcolor illustration ; c19cm. aAnimal ark where animals come first. a910 c336509d336509